[Event "Arco op 43rd"]
[Site "Arco"]
[Date "2021.10.17"]
[Round "9"]
[White "Borgo, Giulio"]
[Black "Perman, Sergey"]
[Result "1-0"]
[WhiteElo "2353"]
[BlackElo "2146"]
[PlyCount "81"]
[EventDate "2021.10.09"]
[EventType "swiss"]
[EventRounds "9"]
[EventCountry "ITA"]
[SourceTitle "CBM 204 Extra"]
[Source "ChessBase"]
[SourceDate "2021.11.30"]
[SourceVersion "1"]
[SourceVersionDate "2021.11.30"]
[SourceQuality "1"]

1. e4 e5 2. Nf3 Nc6 3. Bb5 a6 4. Ba4 Nf6 5. 0-0 b5 6. Bb3 Be7 7. Re1 d6 8. c3 0-0 9. d4 Bg4 10. Be3 Na5 11. dxe5 Bxf3 12. Qxf3 dxe5 13. Rd1 Qc8 14. Nd2 Rd8 15. Bg5 Nxb3 16. axb3 Qe6 17. Qf5 Qxf5 18. exf5 Nd5 19. Bxe7 Nxe7 20. g4 h5 21. h3 Nd5 22. Ne4 Kf8 23. g5 h4 24. Kg2 Nf4+ 25. Kf3 Nxh3 26. Kg4 Nf4 27. Kxh4 Nd3 28. b4 Ke7 29. f6+ gxf6 30. gxf6+ Ke8 31. Rd2 Nf4 32. Rxd8+ Kxd8 33. Kg5 Kd7 34. Kf5 Kc6 35. Ng5 Nd3 36. Nxf7 Re8 37. Rxa6+ Kd5 38. Ra7 Kc6 39. f3 Kb6 40. Ra1 Kc6 41. b3 1-0

[Event "Arco op 43rd"]
[Site "Arco"]
[Date "2021.10.09"]
[Round "1"]
[White "Perman, Sergey"]
[Black "Wagner, Frank"]
[Result "1-0"]
[WhiteElo "2146"]
[BlackElo "1763"]
[PlyCount "55"]
[EventDate "2021.10.09"]
[EventType "swiss"]
[EventRounds "9"]
[EventCountry "ITA"]
[SourceTitle "CBM 204 Extra"]
[Source "ChessBase"]
[SourceDate "2021.11.30"]
[SourceVersion "1"]
[SourceVersionDate "2021.11.30"]
[SourceQuality "1"]

1. e4 c6 2. d4 d5 3. Nd2 dxe4 4. Nxe4 Bf5 5. Ng3 Bg6 6. Nf3 e6 7. h4 h6 8. Ne5 Bh7 9. c3 Nd7 10. Bf4 Ngf6 11. Bd3 c5 12. Bxh7 Rxh7 13. Be3 Nd5 14. Qd3 Nxe3 15. Qxe3 Nxe5 16. Qxe5 cxd4 17. Qxd4 Qxd4 18. cxd4 Bb4+ 19. Ke2 Rc8 20. Rac1 Rxc1 21. Rxc1 Kd7 22. Rf1 g6 23. Ne4 Be7 24. g3 Rg7 25. Kd3 h5 26. Kc4 Kc6 27. a4 a6 28. Nc3 1-0

[Event "Arco op 42nd"]
[Site "Arco"]
[Date "2020.10.18"]
[Round "9.3"]
[White "Rozman, Monika"]
[Black "Perman, Sergey"]
[Result "1/2-1/2"]
[WhiteElo "2129"]
[BlackElo "2154"]
[PlyCount "47"]
[EventDate "2020.10.10"]
[EventType "swiss"]
[EventRounds "9"]
[EventCountry "ITA"]
[SourceTitle "CBM 198 Extra"]
[Source "ChessBase"]
[SourceDate "2020.11.30"]
[SourceVersion "1"]
[SourceVersionDate "2020.11.30"]
[SourceQuality "1"]

1. e4 c5 2. Nf3 g6 3. d4 cxd4 4. Nxd4 Bg7 5. Nc3 Nc6 6. Be3 Nf6 7. Bc4 d6 8. h3 0-0 9. Bb3 Bd7 10. 0-0 a6 11. Re1 b5 12. Nd5 Nxd5 13. Bxd5 Rc8 14. Nxc6 Bxc6 15. c3 Qc7 16. Qd2 Rfd8 17. Bg5 Rd7 18. Rad1 e6 19. Bxc6 Qxc6 20. e5 d5 21. Bf6 Qb6 22. Bxg7 Kxg7 23. h4 h5 24. Qf4 1/2-1/2

[Event "Arco op 42nd"]
[Site "Arco"]
[Date "2020.10.15"]
[Round "6.14"]
[White "Perman, Sergey"]
[Black "Kostov, Deyan Samuil"]
[Result "1/2-1/2"]
[WhiteElo "2154"]
[BlackElo "2065"]
[PlyCount "53"]
[EventDate "2020.10.10"]
[EventType "swiss"]
[EventRounds "9"]
[EventCountry "ITA"]
[SourceTitle "CBM 198 Extra"]
[Source "ChessBase"]
[SourceDate "2020.11.30"]
[SourceVersion "1"]
[SourceVersionDate "2020.11.30"]
[SourceQuality "1"]

1. c4 e5 2. g3 Nf6 3. Bg2 d5 4. cxd5 Nxd5 5. Nc3 Nb6 6. Nf3 Nc6 7. 0-0 Be7 8. d3 0-0 9. a4 a5 10. Be3 Be6 11. d4 exd4 12. Nxd4 Nxd4 13. Qxd4 Qxd4 14. Bxd4 c5 15. Be3 Nc4 16. Nd5 Bxd5 17. Bxd5 Nxe3 18. fxe3 Bf6 19. Rac1 Rae8 20. Rf3 b6 21. b3 Bg5 22. Rc3 h5 23. h4 Bf6 24. Rd3 Be5 25. Kg2 g6 26. Bc4 Re7 27. Rf1 1/2-1/2

[Event "Innsbruck op 4th"]
[Site "Innsbruck"]
[Date "2020.08.25"]
[Round "5"]
[White "Kummer, Helmut"]
[Black "Perman, Sergey"]
[Result "1-0"]
[WhiteElo "2289"]
[BlackElo "2139"]
[PlyCount "54"]
[EventDate "2020.08.22"]
[EventType "swiss"]
[EventRounds "9"]
[EventCountry "AUT"]
[SourceTitle "CBM 198 Extra"]
[Source "ChessBase"]
[SourceDate "2020.11.30"]
[SourceVersion "1"]
[SourceVersionDate "2020.11.30"]
[SourceQuality "1"]

1. d4 Nf6 2. c4 g6 3. Nc3 Bg7 4. e4 d6 5. Be2 0-0 6. Nf3 e5 7. 0-0 Nc6 8. d5 Ne7 9. b4 a5 10. bxa5 Rxa5 11. Nd2 Nd7 12. Nb3 Ra8 13. a4 f5 14. a5 Nc5 15. Nxc5 dxc5 16. Be3 b6 17. axb6 Rxa1 18. Qxa1 cxb6 19. f3 Bd7 20. Qa7 Nc8 21. Qb8 f4 22. Bf2 Qf6 23. Rb1 g5 24. d6 Kh8 25. Nd5 Qg6 26. Qc7 Rf7 27. Qd8+ Bf8 1-0

[Event "Marianske Lazne op"]
[Site "Marianske Lazne"]
[Date "2020.01.21"]
[Round "4"]
[White "Perman, Sergey"]
[Black "Kolbus, Dietmar"]
[Result "1/2-1/2"]
[WhiteElo "2140"]
[BlackElo "2294"]
[PlyCount "60"]
[EventDate "2020.01.18"]
[EventType "swiss"]
[EventRounds "9"]
[EventCountry "CZE"]
[SourceTitle "EXT 2021"]
[Source "ChessBase"]
[SourceDate "2020.10.23"]
[SourceVersion "1"]
[SourceVersionDate "2020.10.23"]
[SourceQuality "1"]

1. e4 c5 2. Nf3 d6 3. d4 cxd4 4. Nxd4 Nf6 5. Nc3 a6 6. Be3 Ng4 7. Bc4 Nxe3 8. fxe3 e6 9. 0-0 Nc6 10. Nxc6 bxc6 11. Qf3 Ra7 12. Rad1 a5 13. Bb3 Rd7 14. Rd4 Bb7 15. Ra4 Qb6 16. Rc4 a4 17. Bxa4 h5 18. e5 d5 19. Rf4 Qc7 20. Ne2 g6 21. Nd4 Bh6 22. Rf6 Qxe5 23. Nxc6 Qxe3+ 24. Kh1 Qxf3 25. R6xf3 0-0 26. Na5 Rc7 27. Nxb7 Rxb7 28. Bb3 Rc8 29. Rd1 Bg7 30. c3 Be5 1/2-1/2

[Event "Arco op 41st"]
[Site "Arco"]
[Date "2019.10.05"]
[Round "2"]
[White "Perman, Sergey"]
[Black "Rocchetti, Marco"]
[Result "1-0"]
[WhiteElo "2113"]
[BlackElo "1781"]
[PlyCount "99"]
[EventDate "2019.10.04"]
[EventType "swiss"]
[EventRounds "9"]
[EventCountry "ITA"]
[SourceTitle "EXT 2020"]
[Source "ChessBase"]
[SourceDate "2019.10.17"]
[SourceVersion "1"]
[SourceVersionDate "2019.10.17"]
[SourceQuality "1"]

1. e4 d5 2. exd5 Qxd5 3. Nc3 Qa5 4. d4 Nf6 5. Nf3 Bf5 6. Bd2 c6 7. Bc4 e6 8. Qe2 Bb4 9. Bb3 0-0 10. a3 Bxc3 11. Bxc3 Qc7 12. Bd2 h6 13. Ne5 Nbd7 14. 0-0 Nxe5 15. dxe5 Nd5 16. g4 Bh7 17. f4 Ne7 18. Rf3 c5 19. Raf1 Rad8 20. Bc1 Rd4 21. c3 Rdd8 22. f5 exf5 23. gxf5 Bxf5 24. Rxf5 Nxf5 25. Rxf5 Qe7 26. Rf3 Kh8 27. Bc2 f6 28. Qe4 f5 29. Rxf5 Rxf5 30. Qxf5 g5 31. Qg6 Qg7 32. Qe4 Re8 33. e6 Re7 34. Be3 b6 35. Qa8+ Qg8 36. Qxg8+ Kxg8 37. Bb3 Kg7 38. Bd5 Kf6 39. c4 Ke5 40. Kf2 Re8 41. Kf3 Kf6 42. Bf2 h5 43. Bg3 h4 44. Bd6 g4+ 45. Kf2 a6 46. e7 Rxe7 47. Bxe7+ Kxe7 48. Ke3 Kf6 49. Kf4 g3 50. h3 1-0

[Event "Arco op 41st"]
[Site "Arco"]
[Date "2019.10.04"]
[Round "1"]
[White "Wagner, Frank"]
[Black "Perman, Sergey"]
[Result "1/2-1/2"]
[WhiteElo "1766"]
[BlackElo "2113"]
[PlyCount "22"]
[EventDate "2019.10.04"]
[EventType "swiss"]
[EventRounds "9"]
[EventCountry "ITA"]
[SourceTitle "EXT 2020"]
[Source "ChessBase"]
[SourceDate "2019.10.17"]
[SourceVersion "1"]
[SourceVersionDate "2019.10.17"]
[SourceQuality "1"]

1. d4 Nf6 2. Nf3 g6 3. h3 Bg7 4. Bf4 0-0 5. e3 d6 6. Be2 Nbd7 7. Bh2 c5 8. 0-0 Qb6 9. Qc1 Nd5 10. c3 Bh6 11. dxc5 Qxc5 1/2-1/2

[Event "Innsbruck op 3rd"]
[Site "Innsbruck"]
[Date "2019.08.29"]
[Round "7"]
[White "Nussbaumer, Vincent"]
[Black "Perman, Sergey"]
[Result "0-1"]
[WhiteElo "1979"]
[BlackElo "2113"]
[PlyCount "82"]
[EventDate "2019.08.25"]
[EventType "swiss"]
[EventRounds "9"]
[EventCountry "AUT"]
[SourceTitle "EXT 2020"]
[Source "ChessBase"]
[SourceDate "2019.10.17"]
[SourceVersion "1"]
[SourceVersionDate "2019.10.17"]
[SourceQuality "1"]

1. Nf3 g6 2. e4 Bg7 3. d4 d6 4. Be2 Nf6 5. Nc3 0-0 6. 0-0 Nc6 7. d5 Nb8 8. Be3 e5 9. dxe6 Bxe6 10. Nd4 Bd7 11. Qd2 Nc6 12. f3 Re8 13. Rad1 a6 14. Nxc6 Bxc6 15. Bc4 Qe7 16. Rfe1 Qf8 17. Bd4 Nd7 18. f4 Bxd4+ 19. Qxd4 Qg7 20. Qf2 Re7 21. Nd5 Bxd5 22. Bxd5 c6 23. Bb3 Nc5 24. e5 Nxb3 25. Rxd6 Na5 26. Qc5 b5 27. Qb6 Nc4 28. Qxc6 Ree8 29. Rd7 Re6 30. Qc7 Nxb2 31. Rb1 Nc4 32. a4 g5 33. axb5 Na3 34. Rf1 Nxb5 35. Qb7 Rf8 36. c4 Nc3 37. Qf3 Na4 38. f5 Rxe5 39. f6 Qg6 40. Qc6 Nc5 41. Re7 Rxe7 0-1

[Event "Innsbruck op 3rd"]
[Site "Innsbruck"]
[Date "2019.08.25"]
[Round "1"]
[White "Perman, Sergey"]
[Black "Kilgus, Georg"]
[Result "1/2-1/2"]
[WhiteElo "2113"]
[BlackElo "2435"]
[PlyCount "44"]
[EventDate "2019.08.25"]
[EventType "swiss"]
[EventRounds "9"]
[EventCountry "AUT"]
[SourceTitle "EXT 2020"]
[Source "ChessBase"]
[SourceDate "2019.10.17"]
[SourceVersion "1"]
[SourceVersionDate "2019.10.17"]
[SourceQuality "1"]

1. e4 d6 2. d4 Nf6 3. Nc3 g6 4. f4 Bg7 5. Nf3 0-0 6. Bd3 Nc6 7. e5 dxe5 8. fxe5 Nh5 9. Be3 Bg4 10. Be2 f6 11. exf6 exf6 12. Qd2 f5 13. 0-0-0 Qd7 14. d5 Nd8 15. Bd4 Bxf3 16. Bxf3 Bxd4 17. Qxd4 Ng7 18. h4 h5 19. Ne2 Nf7 20. Nf4 Qd6 21. Rhe1 Rfe8 22. c4 Rxe1 1/2-1/2

[Event "Marianske Lazne op 18th"]
[Site "Marianske Lazne"]
[Date "2019.01.24"]
[Round "7"]
[White "Perman, Sergey"]
[Black "Kushko, Dmitriy"]
[Result "0-1"]
[WhiteElo "2108"]
[BlackElo "2270"]
[PlyCount "70"]
[EventDate "2019.01.19"]
[EventType "swiss"]
[EventRounds "9"]
[EventCountry "CZE"]
[SourceTitle "CBM 188 Extra"]
[Source "ChessBase"]
[SourceDate "2019.02.26"]
[SourceVersion "1"]
[SourceVersionDate "2019.02.26"]
[SourceQuality "1"]

1. e4 d6 2. d4 Nf6 3. Nc3 g6 4. f4 Bg7 5. Nf3 0-0 6. Bd3 Na6 7. 0-0 c5 8. d5 Rb8 9. Qe1 Nb4 10. a3 Nxd3 11. cxd3 e6 12. dxe6 Bxe6 13. f5 gxf5 14. Qh4 Nd7 15. Bg5 f6 16. Bh6 Bxh6 17. Qxh6 Qe7 18. Nh4 fxe4 19. dxe4 Rf7 20. Rf3 Qf8 21. Rg3+ Rg7 22. Qf4 Ne5 23. Rd1 Rd8 24. Nf5 Bxf5 25. Rxg7+ Qxg7 26. Qxf5 Qg6 27. Qxg6+ hxg6 28. Nb5 Nf7 29. Nxa7 Ng5 30. Kf2 Nxe4+ 31. Ke3 f5 32. g4 Kf7 33. Nb5 Ke6 34. h4 Ke5 35. h5 fxg4 0-1

[Event "Lienz op 19th"]
[Site "Lienz"]
[Date "2017.02.12"]
[Round "2"]
[White "Nitin, Senthilvel"]
[Black "Perman, Sergey"]
[Result "1/2-1/2"]
[WhiteElo "2428"]
[BlackElo "2155"]
[PlyCount "39"]
[EventDate "2017.02.11"]
[EventType "swiss"]
[EventRounds "9"]
[EventCountry "AUT"]
[SourceTitle "CBM 176 Extra"]
[Source "ChessBase"]
[SourceDate "2017.03.02"]
[SourceVersion "1"]
[SourceVersionDate "2017.03.02"]
[SourceQuality "1"]

1. e4 c5 2. Nf3 g6 3. h4 Bg7 4. h5 Nc6 5. d3 d6 6. Nc3 Bg4 7. h6 Bf8 8. Be3 Nf6 9. Qd2 Bxf3 10. gxf3 Qa5 11. d4 0-0-0 12. d5 Ne5 13. Be2 e6 14. a3 exd5 15. exd5 Be7 16. Rb1 Kb8 17. b4 Qc7 18. Ne4 Nfd7 19. bxc5 dxc5 20. c4 1/2-1/2

[Event "Arco op 37th"]
[Site "Arco"]
[Date "2015.10.11"]
[Round "2"]
[White "Perman, Sergey"]
[Black "Oppici, Gabriele"]
[Result "1-0"]
[WhiteElo "2184"]
[BlackElo "2015"]
[PlyCount "97"]
[EventDate "2015.10.10"]
[EventType "swiss"]
[EventRounds "9"]
[EventCountry "ITA"]
[SourceTitle "CBM 168 Extra"]
[Source "ChessBase"]
[SourceDate "2015.10.29"]
[SourceVersion "1"]
[SourceVersionDate "2015.10.29"]
[SourceQuality "1"]

1. e4 d6 2. d4 Nf6 3. Nc3 Nbd7 4. g4 h6 5. h3 e5 6. Bg2 Be7 7. Nge2 c6 8. 0-0 g5 9. Ng3 Nf8 10. Nf5 Ng6 11. Re1 Bd7 12. Ne2 Nf4 13. Neg3 Rh7 14. dxe5 dxe5 15. Nxe7 Qxe7 16. Bxf4 gxf4 17. Nf5 Bxf5 18. exf5 Nd7 19. Qd3 0-0-0 20. f6 Nxf6 21. Qf5+ Qe6 22. Rxe5 Qxf5 23. Rxf5 Nd5 24. Bxd5 cxd5 25. Rd1 d4 26. Rxf4 h5 27. Rdxd4 Rg8 28. Rc4+ Kb8 29. Rce4 hxg4 30. hxg4 Rgh8 31. Kf1 Rc8 32. c3 Rc7 33. Re8+ Rc8 34. Re7 Rc7 35. Rfe4 a6 36. Rxc7 Kxc7 37. Re7+ Kc6 38. Kg2 b5 39. Kg3 a5 40. f4 b4 41. cxb4 axb4 42. g5 Rg7 43. a3 bxa3 44. bxa3 Kb5 45. Kf3 Kb6 46. Ke4 Kc6 47. Kf5 Rh7 48. Kf6 Rh4 49. f5 1-0

[Event "Lugano op"]
[Site "Lugano"]
[Date "2014.11.08"]
[Round "3"]
[White "Benenati, Gianfranco"]
[Black "Perman, Sergey"]
[Result "0-1"]
[WhiteElo "1867"]
[BlackElo "2155"]
[PlyCount "94"]
[EventDate "2014.11.07"]
[EventType "swiss"]
[EventRounds "5"]
[EventCountry "SUI"]
[SourceTitle "EXT 2015"]
[Source "ChessBase"]
[SourceDate "2014.11.20"]
[SourceVersion "1"]
[SourceVersionDate "2014.11.20"]
[SourceQuality "1"]

1. e4 c6 2. d4 d5 3. exd5 cxd5 4. c4 Nf6 5. Nc3 g6 6. Bf4 Bg7 7. Nf3 0-0 8. c5 Nc6 9. Bb5 Nh5 10. Be3 Bg4 11. Bxc6 bxc6 12. h3 Bxf3 13. Qxf3 e5 14. Rd1 exd4 15. Bxd4 Bxd4 16. Rxd4 Re8+ 17. Kd1 Qe7 18. Na4 Nf6 19. h4 h5 20. Rf4 Ng4 21. Kc2 Qe2+ 22. Kb1 Qxf3 23. Rxf3 Re2 24. Nc3 Rxf2 25. Rxf2 Nxf2 26. Rf1 Ne4 27. Nxe4 dxe4 28. Rf6 Rd8 29. Kc2 e3 30. Rd6 Rxd6 31. cxd6 Kf8 32. Kd3 Ke8 33. Kxe3 Kd7 34. b4 Kxd6 35. Kd4 f6 36. a4 g5 37. Ke4 Ke6 38. hxg5 fxg5 39. Kd4 h4 40. Ke4 a6 41. Kf3 Kf5 42. g4+ hxg3 43. Kxg3 Ke4 44. Kg4 Kd4 45. Kxg5 Kc4 46. b5 cxb5 47. axb5 axb5 0-1

[Event "Zuerich op 37th"]
[Site "Zuerich"]
[Date "2013.12.26"]
[Round "1"]
[White "Perman, Sergey"]
[Black "Popov, Ivan1111"]
[Result "0-1"]
[WhiteElo "2154"]
[BlackElo "2644"]
[PlyCount "52"]
[EventDate "2013.12.26"]
[EventType "swiss"]
[EventRounds "7"]
[EventCountry "SUI"]
[SourceTitle "CBM 158 Extra"]
[Source "ChessBase"]
[SourceDate "2014.02.28"]
[SourceVersion "1"]
[SourceVersionDate "2014.02.28"]
[SourceQuality "1"]

1. e4 c6 2. d4 d5 3. Nd2 dxe4 4. Nxe4 Bf5 5. Ng3 Bg6 6. h4 h6 7. Nf3 Nd7 8. h5 Bh7 9. Bd3 Bxd3 10. Qxd3 e6 11. Bd2 Ngf6 12. 0-0-0 Be7 13. Ne4 0-0 14. Kb1 c5 15. g4 Nxe4 16. Qxe4 cxd4 17. g5 hxg5 18. h6 g6 19. h7+ Kh8 20. Rdg1 Nc5 21. Qg4 d3 22. Bc3+ Bf6 23. Ne5 Bxe5 24. Bxe5+ f6 25. Qxg5 dxc2+ 26. Ka1 Nb3+ 0-1

[Event "Arco op 35th"]
[Site "Arco"]
[Date "2013.10.19"]
[Round "8"]
[White "Messina, Roberta"]
[Black "Perman, Sergey"]
[Result "1/2-1/2"]
[WhiteElo "2062"]
[BlackElo "2133"]
[PlyCount "30"]
[EventDate "2013.10.12"]
[EventType "swiss"]
[EventRounds "9"]
[EventCountry "ITA"]
[SourceTitle "EXT 2014"]
[Source "ChessBase"]
[SourceDate "2013.11.20"]
[SourceVersion "1"]
[SourceVersionDate "2013.11.20"]
[SourceQuality "1"]

1. c4 c5 2. g3 Nc6 3. Bg2 g6 4. Nc3 Bg7 5. Nf3 e6 6. 0-0 Nge7 7. d3 0-0 8. a3 h6 9. Rb1 Kh7 10. Bd2 d5 11. b4 cxb4 12. axb4 d4 13. Na4 e5 14. b5 Nb8 15. Ne1 Nd7 1/2-1/2

[Event "Arco op 35th"]
[Site "Arco"]
[Date "2013.10.18"]
[Round "7"]
[White "Dittmar, Peter"]
[Black "Perman, Sergey"]
[Result "1-0"]
[WhiteElo "2323"]
[BlackElo "2133"]
[PlyCount "75"]
[EventDate "2013.10.12"]
[EventType "swiss"]
[EventRounds "9"]
[EventCountry "ITA"]
[SourceTitle "EXT 2014"]
[Source "ChessBase"]
[SourceDate "2013.11.20"]
[SourceVersion "1"]
[SourceVersionDate "2013.11.20"]
[SourceQuality "1"]

1. d4 Nf6 2. c4 g6 3. Nc3 Bg7 4. e4 d6 5. f3 0-0 6. Be3 c5 7. d5 Qa5 8. Qd2 Nbd7 9. Nh3 Ne5 10. Nf2 a6 11. Be2 Rb8 12. a4 b5 13. cxb5 c4 14. 0-0 axb5 15. axb5 Qc7 16. Ra7 Rb7 17. Rfa1 Ned7 18. R7a4 Nb6 19. Bxb6 Qxb6 20. Rxc4 Bd7 21. Ra6 Qd8 22. Rb4 Qb8 23. Qe3 Rc8 24. b6 Be8 25. Nb5 Rc5 26. Nd4 Qc8 27. Nd1 h5 28. Nc3 Kh7 29. Nb3 Nd7 30. Kf1 Bxc3 31. bxc3 Rxc3 32. Qd4 Rc2 33. Na5 Nc5 34. Ra7 Rb8 35. Rxe7 Ra2 36. Nc6 Rba8 37. b7 Nxb7 38. Rbxb7 1-0

[Event "Arco op 35th"]
[Site "Arco"]
[Date "2013.10.16"]
[Round "5"]
[White "Perman, Sergey"]
[Black "Vezzosi, Paolo"]
[Result "1-0"]
[WhiteElo "2133"]
[BlackElo "2267"]
[PlyCount "43"]
[EventDate "2013.10.12"]
[EventType "swiss"]
[EventRounds "9"]
[EventCountry "ITA"]
[SourceTitle "EXT 2014"]
[Source "ChessBase"]
[SourceDate "2013.11.20"]
[SourceVersion "1"]
[SourceVersionDate "2013.11.20"]
[SourceQuality "1"]

1. e4 c5 2. Nf3 e6 3. c3 Nf6 4. e5 Nd5 5. d4 cxd4 6. cxd4 Be7 7. Nc3 Nxc3 8. bxc3 Qc7 9. Bd2 b6 10. Bd3 Ba6 11. Bxa6 Nxa6 12. Qe2 Qb7 13. 0-0 0-0 14. Qd3 h6 15. Rfe1 Nc7 16. Re4 Qa6 17. Qc2 Nd5 18. Rg4 Kh8 19. Rg3 Rac8 20. Bxh6 gxh6 21. Qd2 Kh7 22. Rh3 1-0